LEADER 01609nam 2200529 450 001 9910397886903321 005 20211005180259.0 010 $a84-9148-836-7 035 $a(CKB)4100000006998292 035 $a(MiAaPQ)EBC5634715 035 $a(MiAaPQ)EBC6514357 035 $a(Au-PeEL)EBL6514357 035 $a(OCoLC)1056198946 035 $a(EXLCZ)994100000006998292 100 $a20190124d2018 uy 0 101 0 $aspa 135 $aurcnu|||||||| 181 $ctxt$2rdacontent/spa 182 $cc$cc$2rdamedia/spa 183 $acr$2rdacarrier/spa 200 03$aEl convenio de Estambul como marco de derecho antisubordiscriminatorio /$fJuana Gil Rui?z, editora 210 1$aMadrid :$cDykinson,$d2018. 215 $a1 recurso en li?nea (398 pa?ginas) 300 $aContiene i?ndice. 311 $a84-9148-795-6 320 $aContiene bibliografi?a. 606 $aViolencia de ge?nero 606 $aDerechos humanos 606 $aDerecho internacional 606 $aWomen$xViolence against 606 $aHuman rights 606 $aInternational law 608 $aLibros electronicos. 615 4$aViolencia de ge?nero. 615 4$aDerechos humanos. 615 4$aDerecho internacional. 615 0$aWomen$xViolence against. 615 0$aHuman rights. 615 0$aInternational law. 676 $a362.88082 702 $aGil Rui?z$b Juana 801 0$bFINmELB 801 1$bFINmELB 906 $aBOOK 912 $a9910397886903321 996 $aEl convenio de Estambul como marco de derecho antisubordiscriminatorio$91900256 997 $aUNINA LEADER 02727oam 2200673I 450 001 9910779818703321 005 20230421041346.0 010 $a1-134-90898-9 010 $a1-134-90899-7 010 $a1-280-05722-X 010 $a0-203-41629-5 010 $a0-203-31220-1 024 7 $a10.4324/9780203416297 035 $a(CKB)111056485515206 035 $a(EBL)178534 035 $a(OCoLC)568132160 035 $a(SSID)ssj0000146063 035 $a(PQKBManifestationID)11912030 035 $a(PQKBTitleCode)TC0000146063 035 $a(PQKBWorkID)10182422 035 $a(PQKB)11542924 035 $a(MiAaPQ)EBC178534 035 $a(Au-PeEL)EBL178534 035 $a(CaPaEBR)ebr10058267 035 $a(CaONFJC)MIL5722 035 $a(OCoLC)52074744 035 $a(EXLCZ)99111056485515206 100 $a20180331d1994 uy 0 101 0 $aeng 135 $aur|n|---||||| 181 $ctxt 182 $cc 183 $acr 200 10$aEmotional and behavioural difficulties $etheory to practice /$fPaul Cooper, Colin J. Smith, and Graham Upton 210 1$aLondon ;$aNew York :$cRoutledge,$d1994. 215 $a1 online resource (217 p.) 300 $aDescription based upon print version of record. 311 $a1-138-13855-X 311 $a0-415-07199-2 320 $aIncludes bibliographical references and index. 327 $aBook Cover; Title; Contents; INTRODUCTION: WHY THIS BOOK IS NECESSARY; OVERVIEW; THE NATURE AND DEVELOPMENT OF BEHAVIOUR PROBLEMS; EDUCATIONAL RESPONSES TO EMOTIONAL AND BEHAVIOURAL DIFFICULTIES; OVERVIEW; THE IMPORTANCE OF RELATIONSHIPS; BEHAVIOURAL APPROACHES; SEEING PROBLEMS IN CONTEXT; CLASSROOM MANAGEMENT; OVERVIEW; THE VALUE OF THE SPECIAL SCHOOL OR UNIT; MAKING THE ORDINARY SCHOOL SPECIAL; TOWARDS SCHOOL EFFECTIVENESS; References; Author index; Subject index 330 $aThe authors show that exclusion is not the only option when dealing with children in emotional and behavioural difficulties in mainstream schools. Essential reading for special needs coordinators, teachers and heads. 606 $aProblem children$xEducation$zGreat Britain 606 $aBehavior modification$zGreat Britain 606 $aClassroom management$zGreat Britain 615 0$aProblem children$xEducation 615 0$aBehavior modification 615 0$aClassroom management 676 $a371.93/0941 700 $aCooper$b Paul$f1955,$01468736 701 $aSmith$b Colin$f1938-$01468737 701 $aUpton$b Graham$f1944-$01468738 801 0$bMiAaPQ 801 1$bMiAaPQ 801 2$bMiAaPQ 906 $aBOOK 912 $a9910779818703321 996 $aEmotional and behavioural difficulties$93680063 997 $aUNINA LEADER 01008nam 2200349 450 001 9910819419903321 005 20230809232646.0 010 $a1-928357-57-1 035 $a(CKB)4100000009513048 035 $a(MiAaPQ)EBC6321146 035 $a(EXLCZ)994100000009513048 100 $a20201209d2017 uy 0 101 0 $aeng 135 $aurcnu|||||||| 181 $ctxt$2rdacontent 182 $cc$2rdamedia 183 $acr$2rdacarrier 200 04$aThe African standby force $eQuo Vadis? /$feditors, Francois Vrey?, Thomas Mandrup 210 1$a[Place of publication not identified] :$cAfrican Sun Media,$d[2017] 210 4$dİ2017 215 $a1 online resource (221 pages) $cillustrations 311 $a1-928357-56-3 676 $a341.249 702 $aVrey?$b Francois 702 $aMandrup$b Thomas 801 0$bMiAaPQ 801 1$bMiAaPQ 801 2$bMiAaPQ 906 $aBOOK 912 $a9910819419903321 996 $aThe African standby force$94110541 997 $aUNINA